000 00338nam a2200145Ia 4500
008 221030s9999 xx 000 0 und d
041 _aEnglish
082 _a105.23
_bRam
100 _aRam Ballabh
245 0 _aText Book of Co-ordinate Geometry
_cby Ram Ballabh
260 _c0
300 _a391
650 _aBE Mathematics
942 _cBK
999 _c361
_d361